00660 2200217 4500001002100000005001700021008004100038020001800079035002400097090001700121245013400138260003700272300002200309500003100331650001300362700002000375850001300395980001300408985000600421999001500427YOGYA-0209000004115720090227025735.0 ind  a0-471-43598-8 0010-020900000041157 a616.462bHea aHEALTHY eating for life top prevent and treat diabetesbPhysicians commit teefor responsible medicinecNeal D. Barnard... [et al] aNewyorkbJohn Wiley & Sonsc2002 axi,244 hlmc22 cm aBibliografi : hlm. 230-234 aDiabetes aBarnard, Neal D aYOPDYOG' a03012008 a1 a07B0031969